000 00933nam a2200265 i 4500
001 8925
003 ES-MaACL
005 20230906145550.0
007 t|
008 921113s1986 sp |||| | spa d
020 _a84-7433-416-0
080 _a72:091.07
080 _a091 Martínez de Aranda, Ginés
100 1 _aMartínez de Aranda, Ginés.
_977978
245 1 0 _aCerramientos y trazas de montea /
_cGinés Martínez de Aranda.
260 _aMadrid :
_bServicio Histórico Militar :
_bComisión de Estudios Históricos de Obras Públicas y Urbanismo,
_cD.L. 1986.
300 _a295 p. ;
_c25 cm.
490 1 _aBiblioteca CEHOPU
650 1 4 _aArquitectura-
_vObras anteriores a 1800.
_910001
650 4 _aMontea (Arquitectura)-
_vObras anteriores a 1800.
_9168133
710 1 _aEspaña.
_bServicio Histórico Militar.
_93980
830 0 _aBiblioteca CEHOPU
_9179233
852 _aES-MaACL
_jL-16299
999 _c8925
_d8925